000 00299nam a22001097a 4500
008 230703b xxu||||| |||| 00| 0 eng d
082 _a342
_bCKRC 2002
245 _aTaarifa ya Tume ya Marekebisho ya Katiba ya Kenya Toleo Fupi
_bChaguo la Wananchi
260 _c2002
300 _a72p
942 _2ddc
_cBK
999 _c3501
_d3501